Survey on veterinary cervices in mukkampul district, kandal province, ការអង្កេតលើសេវាកម្មបសុព្យាបាល ក្នុងស្រុកមុខកំពូល ខេត្តកណ្តាល. (Record no. 2532)

000 -LEADER
fixed length control field 00609nam a22001577a 4500
003 - CONTROL NUMBER IDENTIFIER
control field OSt
005 - DATE AND TIME OF LATEST TRANSACTION
control field 20151022171639.0
008 - FIXED-LENGTH DATA ELEMENTS--GENERAL INFORMATION
fixed length control field 151022b xxu||||| |||| 00| 0 eng d
040 ## - CATALOGING SOURCE
Transcribing agency RUA
082 ## - DEWEY DECIMAL CLASSIFICATION NUMBER
Classification number AVM SEN 2011 B100 Or.1
100 ## - MAIN ENTRY--PERSONAL NAME
9 (RLIN) 2707
Personal name SENG, SETHY.
245 ## - TITLE STATEMENT
Title Survey on veterinary cervices in mukkampul district, kandal province, ការអង្កេតលើសេវាកម្មបសុព្យាបាល ក្នុងស្រុកមុខកំពូល ខេត្តកណ្តាល.
260 ## - PUBLICATION, DISTRIBUTION, ETC. (IMPRINT)
Place of publication, distribution, etc. phnom phen
Name of publisher, distributor, etc. RUA
Date of publication, distribution, etc. 2011
300 ## - PHYSICAL DESCRIPTION
Extent IX,36p.
Other physical details ill.
Dimensions 29cm.
942 ## - ADDED ENTRY ELEMENTS (KOHA)
Source of classification or shelving scheme
Koha item type AVM
Holdings
Price effective from Date last seen Permanent Location Not for loan Date acquired Source of classification or shelving scheme Koha item type Lost status Withdrawn status Date last checked out Total Checkouts Shelving location Damaged status Barcode Current Location Full call number
2015-10-222015-10-22Library Block B 2015-10-22 AVM    B100 RUA018325Library Block BAVM SEN 2011 B100 Or.1
2015-10-222015-10-22Library Block B 2015-10-22 AVM    B100 RUA018039Library Block BAVM SEN 2011 B100 Or.2
2015-10-222015-10-22Library Block B 2015-10-22 AVM    B100 RUA018650Library Block BAVM SEN 2011 B100 Or.3
2015-10-222016-06-07Library Block B 2015-10-22 AVM  2016-06-061B100 RUA018560Library Block BAVM SEN 2011 B100 Or.4
2015-10-222015-10-22Library Block B 2015-10-22 AVM    B100 RUA016810Library Block BAVM SEN 2011 B100 Or.5
2022-10-262022-10-26Library Block B 2022-10-26 AVM    B100 a38156Library Block BAVM SEN 2011 B100 Or.1
មជ្ឈមណ្ឌលឯការនៃសាកលវិទ្យាល័យភូមិន្ទកសិកម្មចំការដូង

Powered by Koha